| 000 | 01135pam a2200325 a 4500 | ||
|---|---|---|---|
| 001 | 1449 | ||
| 003 | BD-RjUL | ||
| 005 | 20211208233335.0 | ||
| 008 | 131125r19841977nyu 001 0 eng | ||
| 020 | _a0898626412 (pbk.) : | ||
| 035 | _a(BD-RjUL) 1471 | ||
| 040 |
_aDLC _cDLC _dDLC _dBD-RjUL _beng |
||
| 041 | _aeng | ||
| 082 | 0 | 0 |
_a153.32 _219 _bLAI 1984 |
| 100 | 1 |
_aLazarus, Arnold A. _94295 |
|
| 245 | 1 | 0 |
_aIn the mind's eye : _bthe power of imagery for personal enrichment / _cArnold Lazarus. |
| 260 |
_aNew York : _bGuilford Press, _c1985. |
||
| 300 |
_av, 202 p. ; _c21 cm. |
||
| 500 | _aOriginal edition of 1977 published by Rawson Associates. | ||
| 500 | _aIncludes index. | ||
| 650 | 0 |
_aImagery (Psychology) _xTherapeutic use. _94296 |
|
| 650 | 0 |
_aPhobias. _94297 |
|
| 650 | 0 |
_aEmotions. _9139 |
|
| 650 | 0 |
_aPerformance. _94298 |
|
| 856 | 4 | 2 |
_3Contributor biographical information _uhttp://www.loc.gov/catdir/bios/guilford051/84009016.html |
| 856 | 4 | 2 |
_3Publisher description _uhttp://www.loc.gov/catdir/description/guilford051/84009016.html |
| 942 |
_2ddc _cBK |
||
| 999 |
_c1449 _d1449 |
||